00785nas a2200229Ia 4500001001100000003000900011008004100020040001300061040001300074041001300087100004400100210002000144222002000164245008700184250001100271260002800282501008600310300001700396362004300413500006300456650003600519R012/42599IT-RoPAU151124c99999999xx |||||||||||| ||und|| aIT-RoPAU cIT-RoPAU aITALIANO aCassani DiegogCodice Aut. SPICS: 8341 aCINEMA & CINEMA aCinema & Cinema aCINEMA & CINEMA, ANNO 10-N.37 (OTTOBRE-DICEMBRE 1983)bQualche Autore Nelle Citta' a1a ed. aVENEZIAbMARSILIOc1983 bPaulus - SPICS - Società San Paolo EM (non-commercial uses only)cCopyright2015 a3 p. [66-68] aANNO 010, N.37 (OTTOBRE-DICEMBRE 1983) aCiclo di Documentari Rai Sulle Capitali Culturali Europee. aCINEMAvPUBBLICAZIONE PERIODICA